[Event "Icelandic Team Championship 2021"]
[Site "Reykjavik"]
[Date "2021.10.02"]
[Round "4.14"]
[White "Ingvason, Johann"]
[Black "Viglundsson, Bjorgvin"]
[Result "0-1"]
[WhiteElo "2182"]
[BlackElo "2219"]

1. e4 {[%clk 01:30:56]} {[%emt 00:00:03]} Nf6 {[%clk 01:30:54]} {[%emt
00:00:07]} 2. e5 {[%clk 01:31:03]} {[%emt 00:00:22]} Nd5 {[%clk 01:31:22]}
{[%emt 00:00:04]} 3. d4 {[%clk 01:31:16]} {[%emt 00:00:15]} d6 {[%clk
01:31:47]} {[%emt 00:00:05]} 4. f4 {[%clk 01:31:34]} {[%emt 00:00:12]} dxe5
{[%clk 01:31:09]} {[%emt 00:01:08]} 5. fxe5 {[%clk 01:31:58]} {[%emt 00:00:06]}
c5 {[%clk 01:29:08]} {[%emt 00:02:30]} 6. Nf3 {[%clk 01:28:05]} {[%emt
00:04:23]} cxd4 {[%clk 01:25:00]} {[%emt 00:04:38]} 7. Qxd4 {[%clk 01:22:25]}
{[%emt 00:06:10]} Nc6 {[%clk 01:23:02]} {[%emt 00:02:29]} 8. Qe4 {[%clk
01:20:01]} {[%emt 00:02:55]} g6 {[%clk 01:07:16]} {[%emt 00:16:15]} 9. Bc4
{[%clk 01:16:27]} {[%emt 00:04:04]} Nb6 {[%clk 00:52:15]} {[%emt 00:15:31]} 10.
Bb5 {[%clk 00:50:53]} {[%emt 00:26:04]} Bg7 {[%clk 00:49:28]} {[%emt 00:03:17]}
11. Nd4 {[%clk 00:46:09]} {[%emt 00:05:13]} O-O {[%clk 00:48:21]} {[%emt
00:01:35]} 12. Nxc6 {[%clk 00:45:26]} {[%emt 00:01:14]} bxc6 {[%clk 00:48:41]}
{[%emt 00:00:09]} 13. Bxc6 {[%clk 00:44:38]} {[%emt 00:01:19]} Bf5 {[%clk
00:48:50]} {[%emt 00:00:21]} 14. Qe2 {[%clk 00:43:57]} {[%emt 00:01:12]} Rc8
{[%clk 00:48:48]} {[%emt 00:00:30]} 15. Be4 {[%clk 00:44:07]} {[%emt 00:00:22]}
Bxe4 {[%clk 00:48:26]} {[%emt 00:00:52]} 16. Qxe4 {[%clk 00:44:34]} {[%emt
00:00:03]} Rc4 {[%clk 00:48:00]} {[%emt 00:00:55]} 17. Qe2 {[%clk 00:44:27]}
{[%emt 00:00:37]} Qc7 {[%clk 00:47:49]} {[%emt 00:00:40]} 18. c3 {[%clk
00:41:38]} {[%emt 00:03:20]} Bxe5 {[%clk 00:46:52]} {[%emt 00:01:26]} 19. Bh6
{[%clk 00:37:05]} {[%emt 00:05:04]} Rd8 {[%clk 00:43:46]} {[%emt 00:03:34]} 20.
Nd2 {[%clk 00:37:21]} {[%emt 00:00:15]} Rh4 {[%clk 00:42:34]} {[%emt 00:01:42]}
21. Be3 {[%clk 00:33:03]} {[%emt 00:04:49]} Nd5 {[%clk 00:39:21]} {[%emt
00:03:43]} 22. Nf3 {[%clk 00:18:14]} {[%emt 00:15:19]} Re4 {[%clk 00:39:00]}
{[%emt 00:00:49]} 23. O-O {[%clk 00:18:07]} {[%emt 00:00:38]} Rxe3 {[%clk
00:36:01]} {[%emt 00:03:29]} 24. Qf2 {[%clk 00:17:54]} {[%emt 00:00:42]} Bf6
{[%clk 00:34:43]} {[%emt 00:01:48]} 25. Rad1 {[%clk 00:17:53]} {[%emt
00:00:32]} Re6 {[%clk 00:34:26]} {[%emt 00:00:46]} 26. Ng5 {[%clk 00:13:55]}
{[%emt 00:04:28]} Re5 {[%clk 00:30:40]} {[%emt 00:04:15]} 27. Nf3 {[%clk
00:13:25]} {[%emt 00:01:01]} Rf5 {[%clk 00:30:45]} {[%emt 00:00:25]} 28. Qe2
{[%clk 00:10:30]} {[%emt 00:03:25]} Nf4 {[%clk 00:29:06]} {[%emt 00:02:08]} 29.
Qc2 {[%clk 00:09:14]} {[%emt 00:01:46]} Rfd5 {[%clk 00:28:10]} {[%emt
00:01:25]} 30. Rde1 {[%clk 00:08:27]} {[%emt 00:01:18]} Kg7 {[%clk 00:26:52]}
{[%emt 00:01:49]} 31. Re4 {[%clk 00:08:17]} {[%emt 00:00:39]} Ne6 {[%clk
00:25:37]} {[%emt 00:01:45]} 32. Ra4 {[%clk 00:07:26]} {[%emt 00:01:21]} Qb6+
{[%clk 00:24:42]} {[%emt 00:01:25]} 33. Kh1 {[%clk 00:07:47]} {[%emt 00:00:09]}
Ng5 {[%clk 00:24:06]} {[%emt 00:01:06]} 34. c4 {[%clk 00:07:25]} {[%emt
00:00:53]} Rf5 {[%clk 00:23:26]} {[%emt 00:01:09]} 35. b4 {[%clk 00:07:53]}
{[%emt 00:00:02]} Nxf3 {[%clk 00:23:23]} {[%emt 00:00:33]} 36. gxf3 {[%clk
00:08:14]} {[%emt 00:00:09]} Qe3 {[%clk 00:23:28]} {[%emt 00:00:24]} 37. Qc1
{[%clk 00:03:41]} {[%emt 00:05:05]} Rd2 {[%clk 00:22:38]} {[%emt 00:01:19]} 38.
Qe1 {[%clk 00:03:49]} {[%emt 00:00:22]} Qxe1 {[%clk 00:22:34]} {[%emt
00:00:34]} 39. Rxe1 {[%clk 00:04:18]} {[%emt 00:00:01]} Rxf3 {[%clk 00:22:54]}
{[%emt 00:00:10]} 40. c5 {[%clk 00:04:04]} {[%emt 00:00:44]} Rff2 {[%clk
00:22:56]} {[%emt 00:00:28]} 41. b5 {[%clk 00:04:21]} {[%emt 00:00:13]} Bd4
{[%clk 00:22:26]} {[%emt 00:00:59]} 0-1

[Event "Icelandic Team Championship 2021"]
[Site "Reykjavik"]
[Date "2021.10.02"]
[Round "4.15"]
[White "Salama, Omar"]
[Black "Halldorsson, Gudmundur"]
[Result "1-0"]
[WhiteElo "2179"]
[BlackElo "2137"]

1. d4 {[%clk 01:30:55]} {[%emt 00:00:05]} d5 {[%clk 01:30:18]} {[%emt
00:00:43]} 2. c4 {[%clk 01:30:56]} {[%emt 00:00:28]} e6 {[%clk 01:30:26]}
{[%emt 00:00:22]} 3. Nc3 {[%clk 01:31:15]} {[%emt 00:00:11]} Nf6 {[%clk
01:30:41]} {[%emt 00:00:16]} 4. cxd5 {[%clk 01:31:36]} {[%emt 00:00:09]} exd5
{[%clk 01:31:04]} {[%emt 00:00:06]} 5. Bg5 {[%clk 01:31:58]} {[%emt 00:00:08]}
Be7 {[%clk 01:31:18]} {[%emt 00:00:17]} 6. e3 {[%clk 01:32:19]} {[%emt
00:00:09]} c6 {[%clk 01:31:34]} {[%emt 00:00:15]} 7. Bd3 {[%clk 01:32:40]}
{[%emt 00:00:09]} Nbd7 {[%clk 01:31:41]} {[%emt 00:00:22]} 8. Qc2 {[%clk
01:32:54]} {[%emt 00:00:17]} h6 {[%clk 01:31:45]} {[%emt 00:00:25]} 9. Bh4
{[%clk 01:33:05]} {[%emt 00:00:18]} Nh5 {[%clk 01:31:49]} {[%emt 00:00:27]} 10.
Bxe7 {[%clk 01:33:25]} {[%emt 00:00:11]} Qxe7 {[%clk 01:32:13]} {[%emt
00:00:07]} 11. Nge2 {[%clk 01:33:50]} {[%emt 00:00:04]} Nb6 {[%clk 01:32:00]}
{[%emt 00:00:42]} 12. O-O {[%clk 01:33:46]} {[%emt 00:00:35]} O-O {[%clk
01:31:55]} {[%emt 00:00:34]} 13. Rab1 {[%clk 01:32:48]} {[%emt 00:01:30]} a5
{[%clk 01:31:00]} {[%emt 00:01:23]} 14. a3 {[%clk 01:33:02]} {[%emt 00:00:18]}
Bg4 {[%clk 01:17:37]} {[%emt 00:13:52]} 15. b4 {[%clk 01:32:43]} {[%emt
00:00:49]} a4 {[%clk 01:06:35]} {[%emt 00:11:32]} 16. b5 {[%clk 01:22:12]}
{[%emt 00:11:00]} c5 {[%clk 01:04:24]} {[%emt 00:02:41]} 17. dxc5 {[%clk
01:21:11]} {[%emt 00:01:31]} Qxc5 {[%clk 01:04:39]} {[%emt 00:00:15]} 18. Rb4
{[%clk 01:21:01]} {[%emt 00:00:41]} Bxe2 {[%clk 01:04:52]} {[%emt 00:00:17]} 19.
Nxe2 {[%clk 01:21:07]} {[%emt 00:00:23]} Qxc2 {[%clk 01:04:12]} {[%emt
00:01:11]} 20. Bxc2 {[%clk 01:21:32]} {[%emt 00:00:05]} Rfc8 {[%clk 01:04:22]}
{[%emt 00:00:20]} 21. Bd3 {[%clk 01:18:51]} {[%emt 00:03:10]} Nf6 {[%clk
01:03:24]} {[%emt 00:01:28]} 22. Rc1 {[%clk 01:14:50]} {[%emt 00:04:30]} Rxc1+
{[%clk 01:01:38]} {[%emt 00:02:17]} 23. Nxc1 {[%clk 01:11:22]} {[%emt
00:03:59]} Ne8 {[%clk 00:58:06]} {[%emt 00:04:02]} 24. Ne2 {[%clk 01:03:03]}
{[%emt 00:08:49]} Nd6 {[%clk 00:56:47]} {[%emt 00:01:49]} 25. Rd4 {[%clk
00:53:34]} {[%emt 00:09:58]} Rc8 {[%clk 00:53:09]} {[%emt 00:04:09]} 26. f3
{[%clk 00:51:10]} {[%emt 00:02:55]} Rc5 {[%clk 00:52:34]} {[%emt 00:01:05]} 27.
e4 {[%clk 00:32:48]} {[%emt 00:18:53]} dxe4 {[%clk 00:48:10]} {[%emt 00:04:52]}
28. fxe4 {[%clk 00:31:55]} {[%emt 00:01:24]} Nxb5 {[%clk 00:44:22]} {[%emt
00:04:18]} 29. Rb4 {[%clk 00:31:40]} {[%emt 00:00:44]} Nxa3 {[%clk 00:41:50]}
{[%emt 00:03:02]} 30. Rxb6 {[%clk 00:31:47]} {[%emt 00:00:24]} Rc7 {[%clk
00:41:45]} {[%emt 00:00:35]} 31. Kf2 {[%clk 00:28:31]} {[%emt 00:03:45]} Kf8
{[%clk 00:42:06]} {[%emt 00:00:09]} 32. Nd4 {[%clk 00:26:11]} {[%emt 00:02:50]}
Nc4 {[%clk 00:38:06]} {[%emt 00:04:30]} 33. Rb4 {[%clk 00:24:40]} {[%emt
00:02:00]} Ne5 {[%clk 00:37:55]} {[%emt 00:00:41]} 34. Be2 {[%clk 00:24:39]}
{[%emt 00:00:31]} a3 {[%clk 00:38:04]} {[%emt 00:00:22]} 35. Ra4 {[%clk
00:24:48]} {[%emt 00:00:21]} Rc3 {[%clk 00:37:48]} {[%emt 00:00:46]} 36. Nb5
{[%clk 00:24:52]} {[%emt 00:00:26]} 1-0

[Event "Icelandic Team Championship 2021"]
[Site "Reykjavik"]
[Date "2021.10.02"]
[Round "4.16"]
[White "Dadason, Gudmundur"]
[Black "Birkisson, Bardur Orn"]
[Result "0-1"]
[WhiteElo "2119"]
[BlackElo "2163"]

1. d4 {[%emt 00:00:13]} d5 {[%emt 00:00:08]} 2. Nf3 {[%emt 00:00:35]} Nf6
{[%emt 00:00:21]} 3. c4 {[%emt 00:01:05]} c6 {[%emt 00:00:22]} 4. Nc3 {[%emt
00:00:24]} dxc4 {[%emt 00:00:28]} 5. a4 {[%clk 01:29:42]} {[%emt 00:01:20]} Bf5
{[%emt 00:02:07]} 6. e3 {[%clk 01:19:48]} {[%emt 00:08:46]} e6 {[%clk
01:30:42]} {[%emt 00:00:43]} 7. Bxc4 {[%clk 01:19:55]} {[%emt 00:00:23]} Bb4
{[%clk 01:30:54]} {[%emt 00:00:18]} 8. Qb3 {[%clk 01:18:08]} {[%emt 00:02:17]}
a5 {[%clk 01:29:33]} {[%emt 00:01:51]} 9. O-O {[%clk 01:17:20]} {[%emt
00:01:19]} Nbd7 {[%clk 01:29:13]} {[%emt 00:00:49]} 10. Nh4 {[%clk 01:07:12]}
{[%emt 00:10:38]} O-O {[%clk 01:26:54]} {[%emt 00:02:49]} 11. Nxf5 {[%clk
01:04:39]} {[%emt 00:03:02]} exf5 {[%clk 01:27:12]} {[%emt 00:00:12]} 12. Rd1
{[%clk 00:53:05]} {[%emt 00:12:04]} Qe7 {[%clk 01:05:51]} {[%emt 00:21:51]} 13.
Ne2 {[%clk 00:42:15]} {[%emt 00:11:20]} Rfe8 {[%clk 00:44:07]} {[%emt
00:22:15]} 14. Ng3 {[%clk 00:40:32]} {[%emt 00:02:13]} g6 {[%clk 00:43:38]}
{[%emt 00:00:59]} 15. Bd2 {[%clk 00:40:08]} {[%emt 00:00:54]} Nb6 {[%clk
00:39:03]} {[%emt 00:05:05]} 16. Bxb4 {[%clk 00:36:02]} {[%emt 00:04:35]} axb4
{[%clk 00:38:13]} {[%emt 00:01:20]} 17. a5 {[%clk 00:20:30]} {[%emt 00:16:02]}
Nxc4 {[%clk 00:35:57]} {[%emt 00:02:46]} 18. Qxc4 {[%clk 00:20:52]} {[%emt
00:00:09]} Nd5 {[%clk 00:31:13]} {[%emt 00:05:13]} 19. a6 {[%clk 00:19:03]}
{[%emt 00:02:19]} f4 {[%clk 00:25:03]} {[%emt 00:06:41]} 20. exf4 {[%clk
00:18:20]} {[%emt 00:01:13]} Nxf4 {[%clk 00:25:10]} {[%emt 00:00:23]} 21. axb7
{[%clk 00:17:42]} {[%emt 00:01:07]} Rxa1 {[%clk 00:21:46]} {[%emt 00:03:54]} 22.
Rxa1 {[%clk 00:18:04]} {[%emt 00:00:09]} Qxb7 {[%clk 00:22:07]} {[%emt
00:00:09]} 23. f3 {[%clk 00:18:10]} {[%emt 00:00:25]} Kg7 {[%clk 00:08:34]}
{[%emt 00:14:02]} 24. Ne4 {[%clk 00:16:42]} {[%emt 00:01:58]} Qe7 {[%clk
00:05:36]} {[%emt 00:03:28]} 25. g3 {[%clk 00:12:52]} {[%emt 00:04:20]} f5
{[%clk 00:05:31]} {[%emt 00:00:35]} 26. gxf4 {[%clk 00:08:08]} {[%emt
00:05:13]} fxe4 {[%clk 00:05:51]} {[%emt 00:00:10]} 27. Re1 {[%clk 00:05:37]}
{[%emt 00:03:01]} e3 {[%clk 00:05:30]} {[%emt 00:00:51]} 28. Re2 {[%clk
00:04:47]} {[%emt 00:01:20]} Qd6 {[%clk 00:02:11]} {[%emt 00:03:50]} 29. Kg2
{[%clk 00:04:46]} {[%emt 00:00:31]} h5 {[%clk 00:01:29]} {[%emt 00:01:12]} 30.
Qc1 {[%clk 00:03:48]} {[%emt 00:01:28]} Qxd4 {[%clk 00:01:25]} {[%emt
00:00:34]} 31. Qxc6 {[%clk 00:04:04]} {[%emt 00:00:14]} Re7 {[%clk 00:01:39]}
{[%emt 00:00:16]} 32. f5 {[%clk 00:04:00]} {[%emt 00:00:34]} Qf6 {[%clk
00:01:02]} {[%emt 00:01:07]} 33. Qc5 {[%clk 00:03:33]} {[%emt 00:00:56]} gxf5
{[%clk 00:00:41]} {[%emt 00:00:52]} 34. f4 {[%clk 00:03:50]} {[%emt 00:00:14]}
Qe6 {[%clk 00:00:44]} {[%emt 00:00:27]} 35. Qxb4 {[%clk 00:03:44]} {[%emt
00:00:35]} Kh7 {[%clk 00:01:07]} {[%emt 00:00:07]} 36. Qd4 {[%clk 00:03:05]}
{[%emt 00:01:09]} Qc6+ {[%clk 00:01:13]} {[%emt 00:00:24]} 37. Kg3 {[%clk
00:01:59]} {[%emt 00:01:37]} h4+ {[%clk 00:01:08]} {[%emt 00:00:35]} 38. Kxh4
{[%clk 00:02:18]} {[%emt 00:00:11]} Qh6+ {[%clk 00:01:34]} {[%emt 00:00:05]} 39.
Kg3 {[%clk 00:02:28]} {[%emt 00:00:20]} Qg6+ {[%clk 00:01:57]} {[%emt
00:00:06]} 0-1

[Event "Icelandic Team Championship 2021"]
[Site "Reykjavik"]
[Date "2021.10.02"]
[Round "4.17"]
[White "Hjartarson, Johann"]
[Black "Gretarsson, Hjorvar Steinn"]
[Result "1-0"]
[WhiteElo "2519"]
[BlackElo "2597"]

1. c4 {[%emt 00:01:21]} e5 {[%emt 00:00:24]} 2. g3 {[%emt 00:03:55]} f5 3. Bg2
{[%clk 01:27:30]} {[%emt 00:00:09]} Nf6 {[%emt 00:00:35]} 4. Nc3 {[%emt
00:00:59]} Bb4 {[%emt 00:02:30]} 5. Nf3 {[%emt 00:01:06]} Bxc3 {[%clk
01:24:35]} {[%emt 00:01:05]} 6. bxc3 {[%emt 00:09:24]} d6 {[%emt 00:00:55]} 7.
d3 {[%emt 00:02:30]} c5 {[%emt 00:00:28]} 8. O-O {[%emt 00:06:53]} Nc6 {[%emt
00:00:11]} 9. Ne1 {[%clk 01:16:32]} {[%emt 00:08:59]} Be6 {[%clk 01:01:27]}
{[%emt 00:06:37]} 10. Rb1 {[%clk 01:12:14]} {[%emt 00:04:48]} Qd7 {[%clk
00:58:49]} {[%emt 00:03:08]} 11. Bg5 {[%clk 01:08:18]} {[%emt 00:04:26]} O-O
{[%clk 00:56:00]} {[%emt 00:03:19]} 12. Nc2 {[%clk 01:04:57]} {[%emt 00:03:50]}
Rae8 {[%clk 00:39:04]} {[%emt 00:17:26]} 13. Ne3 {[%clk 01:03:54]} {[%emt
00:01:32]} f4 {[%clk 00:35:05]} {[%emt 00:04:30]} 14. gxf4 {[%clk 01:03:42]}
{[%emt 00:00:42]} Nh5 {[%clk 00:25:20]} {[%emt 00:10:16]} 15. fxe5 {[%clk
00:58:09]} {[%emt 00:06:02]} dxe5 {[%clk 00:22:03]} {[%emt 00:03:48]} 16. Nd5
{[%clk 00:57:16]} {[%emt 00:01:22]} h6 {[%clk 00:16:22]} {[%emt 00:06:11]} 17.
e3 {[%emt 00:11:54]} Bg4 {[%emt 00:05:13]} 18. f3 {[%clk 00:48:35]} {[%emt
00:00:02]} Be6 {[%emt 00:01:58]} 19. Bh4 {[%clk 00:47:24]} {[%emt 00:00:06]} b6
{[%clk 00:08:12]} {[%emt 00:01:49]} 20. f4 {[%clk 00:42:38]} {[%emt 00:05:15]}
Bg4 {[%clk 00:08:37]} {[%emt 00:00:06]} 21. Qa4 {[%clk 00:42:06]} {[%emt
00:01:02]} exf4 {[%clk 00:07:06]} {[%emt 00:02:01]} 22. exf4 {[%clk 00:38:18]}
{[%emt 00:04:17]} Bh3 {[%clk 00:05:16]} {[%emt 00:02:21]} 23. Rb2 {[%clk
00:37:50]} {[%emt 00:00:58]} Bxg2 {[%clk 00:01:54]} {[%emt 00:03:51]} 24. Rxg2
{[%clk 00:37:56]} {[%emt 00:00:24]} Kh7 {[%clk 00:01:12]} {[%emt 00:01:12]} 25.
Qd1 {[%clk 00:26:26]} {[%emt 00:11:59]} Qf5 {[%clk 00:01:04]} {[%emt 00:00:39]}
26. h3 {[%clk 00:26:14]} {[%emt 00:00:41]} Re6 {[%clk 00:00:51]} {[%emt
00:00:44]} 27. Qg4 {[%clk 00:24:50]} {[%emt 00:01:54]} g6 {[%clk 00:01:17]}
{[%emt 00:00:05]} 28. Kh2 {[%clk 00:22:49]} {[%emt 00:02:30]} Ng7 {[%clk
00:01:36]} {[%emt 00:00:11]} 29. Rd1 {[%clk 00:17:04]} {[%emt 00:06:15]} Qf7
{[%clk 00:01:28]} {[%emt 00:00:38]} 30. Re1 {[%clk 00:15:02]} {[%emt 00:02:31]}
Rfe8 {[%clk 00:01:20]} {[%emt 00:00:39]} 31. Rge2 {[%clk 00:13:29]} {[%emt
00:02:02]} Rxe2+ {[%clk 00:00:56]} {[%emt 00:00:55]} 32. Rxe2 {[%clk 00:13:55]}
{[%emt 00:00:03]} Rxe2+ {[%clk 00:01:08]} {[%emt 00:00:19]} 33. Qxe2 {[%clk
00:14:18]} {[%emt 00:00:07]} Nf5 {[%clk 00:00:59]} {[%emt 00:00:40]} 34. Bf6
{[%clk 00:14:18]} {[%emt 00:00:29]} Nd6 {[%clk 00:00:48]} {[%emt 00:00:41]} 35.
Be5 {[%clk 00:13:30]} {[%emt 00:01:17]} Nf5 {[%clk 00:00:38]} {[%emt 00:00:41]}
36. Qe4 {[%clk 00:13:26]} {[%emt 00:00:34]} Qe6 {[%clk 00:00:38]} {[%emt
00:00:31]} 37. Nf6+ {[%clk 00:12:46]} {[%emt 00:01:10]} Kg7 {[%clk 00:00:58]}
{[%emt 00:00:10]} 38. Ne8+ {[%clk 00:08:59]} {[%emt 00:04:17]} Kf7 {[%clk
00:00:44]} {[%emt 00:00:44]} 39. Nc7 {[%clk 00:08:55]} {[%emt 00:00:33]} Qd7
{[%clk 00:00:55]} {[%emt 00:00:20]} 40. Qd5+ {[%clk 00:09:16]} {[%emt
00:00:09]} Qxd5 {[%clk 00:01:12]} {[%emt 00:00:12]} 41. cxd5 {[%clk 00:09:39]}
{[%emt 00:00:07]} Nxe5 {[%clk 00:00:36]} {[%emt 00:01:07]} 42. fxe5 {[%clk
00:10:05]} {[%emt 00:00:03]} c4 {[%clk 00:00:33]} {[%emt 00:00:33]} 43. dxc4
{[%clk 00:09:49]} {[%emt 00:00:46]} Ke7 {[%clk 00:00:37]} {[%emt 00:00:27]} 44.
Nb5 {[%clk 00:09:16]} {[%emt 00:01:02]} a6 {[%clk 00:01:00]} {[%emt 00:00:07]}
45. Nd4 {[%clk 00:06:57]} {[%emt 00:02:48]} Ne3 {[%clk 00:01:25]} {[%emt
00:00:05]} 46. Kg3 {[%clk 00:07:07]} {[%emt 00:00:19]} Nxc4 {[%clk 00:01:29]}
{[%emt 00:00:27]} 47. Nc6+ {[%clk 00:07:24]} {[%emt 00:00:13]} Kd7 {[%clk
00:01:36]} {[%emt 00:00:23]} 48. Kf4 {[%clk 00:07:43]} {[%emt 00:00:10]} a5
{[%clk 00:01:21]} {[%emt 00:00:45]} 49. Nd4 {[%clk 00:06:42]} {[%emt 00:01:31]}
a4 {[%clk 00:00:37]} {[%emt 00:01:14]} 50. Nb5 {[%clk 00:06:37]} {[%emt
00:00:35]} Ke7 {[%clk 00:00:36]} {[%emt 00:00:32]} 51. Ke4 {[%clk 00:06:26]}
{[%emt 00:00:40]} Nd2+ {[%clk 00:01:00]} {[%emt 00:00:06]} 52. Ke3 {[%clk
00:06:41]} {[%emt 00:00:15]} Nf1+ {[%clk 00:01:25]} {[%emt 00:00:06]} 53. Kd4
{[%clk 00:06:38]} {[%emt 00:00:33]} Ng3 {[%clk 00:01:21]} {[%emt 00:00:33]} 54.
d6+ {[%clk 00:06:48]} {[%emt 00:00:21]} Ke6 {[%clk 00:01:46]} {[%emt 00:00:05]}
55. Nc7+ {[%clk 00:07:12]} {[%emt 00:00:05]} 1-0

[Event "Icelandic Team Championship 2021"]
[Site "Reykjavik"]
[Date "2021.10.02"]
[Round "4.18"]
[White "Stefansson, Hannes"]
[Black "Thorfinnsson, Bjorn"]
[Result "1-0"]
[WhiteElo "2511"]
[BlackElo "2386"]

1. e4 {[%clk 01:30:55]} {[%emt 00:00:06]} e5 {[%clk 01:30:53]} {[%emt
00:00:07]} 2. Nf3 {[%clk 01:31:17]} {[%emt 00:00:08]} Nc6 {[%clk 01:31:18]}
{[%emt 00:00:06]} 3. Bb5 {[%clk 01:31:17]} {[%emt 00:00:29]} d6 {[%clk
01:30:31]} {[%emt 00:01:18]} 4. c3 {[%clk 01:30:55]} {[%emt 00:00:50]} Bd7
{[%clk 01:29:48]} {[%emt 00:01:14]} 5. d4 {[%clk 01:30:44]} {[%emt 00:00:41]}
g6 {[%clk 01:28:47]} {[%emt 00:01:32]} 6. Be3 {[%clk 01:27:06]} {[%emt
00:04:07]} Bg7 {[%clk 01:28:38]} {[%emt 00:00:40]} 7. d5 {[%clk 01:25:49]}
{[%emt 00:01:47]} Nb8 {[%clk 01:28:51]} {[%emt 00:00:16]} 8. c4 {[%clk
01:24:45]} {[%emt 00:01:34]} Bxb5 {[%clk 01:27:36]} {[%emt 00:01:46]} 9. cxb5
{[%clk 01:25:08]} {[%emt 00:00:06]} a6 {[%clk 01:27:24]} {[%emt 00:00:42]} 10.
Qb3 {[%clk 01:19:59]} {[%emt 00:05:38]} axb5 {[%clk 01:19:59]} {[%emt
00:07:56]} 11. Qxb5+ {[%clk 01:19:47]} {[%emt 00:00:42]} Nd7 {[%clk 01:20:25]}
{[%emt 00:00:05]} 12. Qxb7 {[%clk 01:13:03]} {[%emt 00:07:12]} Rb8 {[%clk
01:20:46]} {[%emt 00:00:09]} 13. Qa6 {[%clk 01:06:20]} {[%emt 00:07:13]} Rxb2
{[%clk 01:19:28]} {[%emt 00:01:49]} 14. O-O {[%clk 01:04:24]} {[%emt 00:02:26]}
Bh6 {[%clk 01:19:06]} {[%emt 00:00:52]} 15. Bxh6 {[%clk 01:00:38]} {[%emt
00:04:16]} Nxh6 {[%clk 01:18:10]} {[%emt 00:01:27]} 16. Nbd2 {[%clk 00:59:57]}
{[%emt 00:01:09]} Nc5 {[%clk 01:17:36]} {[%emt 00:01:04]} 17. Qa3 {[%clk
00:59:28]} {[%emt 00:00:59]} Rb8 {[%clk 01:17:09]} {[%emt 00:00:54]} 18. Nxe5
{[%clk 00:58:43]} {[%emt 00:01:18]} Ra8 {[%clk 01:16:58]} {[%emt 00:00:42]} 19.
Qe3 {[%clk 00:51:48]} {[%emt 00:07:25]} Qh4 {[%clk 01:13:17]} {[%emt 00:04:11]}
20. Nef3 {[%clk 00:51:26]} {[%emt 00:00:51]} Qh5 {[%clk 01:13:36]} {[%emt
00:00:11]} 21. Nb3 {[%clk 00:51:34]} {[%emt 00:00:21]} Nxb3 {[%clk 01:13:23]}
{[%emt 00:00:44]} 22. axb3 {[%clk 00:51:53]} {[%emt 00:00:12]} O-O {[%clk
01:13:49]} {[%emt 00:00:04]} 23. Rxa8 {[%clk 00:49:56]} {[%emt 00:02:27]} Rxa8
{[%clk 01:13:58]} {[%emt 00:00:20]} 24. Rc1 {[%clk 00:50:12]} {[%emt 00:00:14]}
Ng4 {[%clk 01:13:58]} {[%emt 00:00:31]} 25. Qf4 {[%clk 00:45:29]} {[%emt
00:05:11]} Ne5 {[%clk 01:12:37]} {[%emt 00:01:52]} 26. Nxe5 {[%clk 00:45:26]}
{[%emt 00:00:34]} dxe5 {[%clk 01:12:52]} {[%emt 00:00:14]} 27. Qe3 {[%clk
00:44:23]} {[%emt 00:01:33]} Ra2 {[%clk 01:12:56]} {[%emt 00:00:26]} 28. h3
{[%clk 00:43:18]} {[%emt 00:01:35]} Rc2 {[%clk 01:12:46]} {[%emt 00:00:40]} 29.
Kh2 {[%clk 00:38:35]} {[%emt 00:05:13]} Qe2 {[%clk 01:12:49]} {[%emt 00:00:27]}
30. Qxe2 {[%clk 00:38:53]} {[%emt 00:00:12]} Rxe2 {[%clk 01:13:14]} {[%emt
00:00:06]} 31. f3 {[%clk 00:38:28]} {[%emt 00:00:54]} Rb2 {[%clk 01:13:39]}
{[%emt 00:00:05]} 32. Rxc7 {[%clk 00:37:50]} {[%emt 00:01:09]} Rxb3 {[%clk
01:14:01]} {[%emt 00:00:08]} 33. Re7 {[%clk 00:37:55]} {[%emt 00:00:24]} 1-0

[Event "Icelandic Team Championship 2021"]
[Site "Reykjavik"]
[Date "2021.10.02"]
[Round "4.19"]
[White "Gunnarsson, Jon Viktor"]
[Black "Pantzar, Milton"]
[Result "1/2-1/2"]
[WhiteElo "2436"]
[BlackElo "2423"]

1. Nf3 {[%clk 01:30:58]} {[%emt 00:00:01]} d5 {[%clk 01:30:16]} {[%emt
00:00:46]} 2. e3 {[%clk 01:31:18]} {[%emt 00:00:09]} Nf6 {[%clk 01:30:21]}
{[%emt 00:00:25]} 3. c4 {[%clk 01:31:28]} {[%emt 00:00:20]} e6 {[%clk
01:30:06]} {[%emt 00:00:45]} 4. b3 {[%clk 01:31:52]} {[%emt 00:00:06]} b6
{[%clk 01:29:08]} {[%emt 00:01:28]} 5. Bb2 {[%clk 01:31:38]} {[%emt 00:00:42]}
Bb7 {[%clk 01:27:57]} {[%emt 00:01:44]} 6. g3 {[%emt 00:05:43]} Nbd7 {[%clk
01:20:55]} {[%emt 00:03:22]} 7. Bg2 {[%clk 01:29:36]} {[%emt 00:01:26]} Nc5
{[%clk 01:20:02]} {[%emt 00:01:24]} 8. d4 {[%clk 01:24:16]} {[%emt 00:05:51]}
Nce4 {[%clk 01:20:17]} {[%emt 00:00:16]} 9. O-O {[%emt 00:04:59]} Be7 {[%emt
00:04:41]} 10. Nbd2 {[%clk 01:22:51]} {[%emt 00:00:40]} O-O {[%clk 01:03:50]}
{[%emt 00:09:32]} 11. Ne5 {[%clk 01:15:29]} {[%emt 00:07:51]} 1/2-1/2